000 00860nam a2200181 4500
999 _c63783
_d63783
003 Ge_BSU
005 20260113182317.0
008 260113s1972 ge ||||| |||| 00| 0 geo d
041 _ageo
080 _a911.3:33(517) ნ-38
100 _aნაჭყებია, ნოდარ
_926663
245 _aმონგოლეთის სახალხო რესპუბლიკა :
_bეკონომიურ-გეოგრაფიული დახასიათება /
_cნოდარ ნაჭყებია.
264 _aთბილისი :
_bსაბჭ. საქართველო,
_c1972.
300 _a110 გვ. :
_bილ. 6 ფ. ილ. ;
_c16 სმ.
600 _a
_926664
653 _aმონღოლეთის ეკონომიკური გეოგრაფია.
942 _2udc
_cᲬᲘᲒᲜᲘ